Ecrits et discours politiques
Uloženo v:
| Hlavní autor: | |
|---|---|
| Médium: | Kniha |
| Jazyk: | francouzština |
| Vydáno: |
París
Jean-Jacques Pauvert
1964
|
| Témata: | |
| Tagy: |
Přidat tag
Žádné tagy, Buďte první, kdo vytvoří štítek k tomuto záznamu!
|
MARC
| LEADER | 00000nam a2200000 a 4500 | ||
|---|---|---|---|
| 001 | UCZ5446 | ||
| 003 | CL-VaPUC | ||
| 008 | 951117e19640000FR |||||||||||||||||fre|d | ||
| 082 | 0 | 4 | |a 320 |b CON |2 21 |
| 100 | |a Constant, Benjamin |e autor |9 604951 | ||
| 245 | 1 | 0 | |a Ecrits et discours politiques |
| 300 | |a v | ||
| 942 | |c BK | ||
| 945 | |d 19951117 00:00:00 |a lriquelm | ||
| 260 | |a París |b Jean-Jacques Pauvert |c 1964 | ||
| 650 | 0 | |a Política |9 255312 | |
| 650 | 7 | |a SISTEMAS POLITICOS |2 CL-VaPUC |9 349472 | |
| 650 | 0 | |a Ideologías |9 255200 | |
| 650 | 0 | |a Estado |9 255503 | |
| 583 | |a last modification |c 19951117 00:00:00 |k Rodrigo Vera | ||
| 999 | |c 241764 |d 241762 | ||
| 952 | |0 0 |1 0 |4 0 |6 320_000000000000000_CON_1964 |7 0 |8 P |9 254238 |a BIBEDU |b BIBEDU |c BIBEDU_PB |d 2019-11-19 |h v.1 |i 1575864 |o 320 CON 1964 |p 1575864 |r 2024-01-25 |w 2019-11-19 |y BK |k FIL | ||
| 952 | |0 0 |1 0 |4 0 |6 320_000000000000000_CON_1964 |7 0 |8 P |9 254239 |a BIBEDU |b BIBEDU |c BIBEDU_PB |d 2019-11-19 |h v.2 |i 1575872 |o 320 CON 1964 |p 1575872 |r 2024-01-25 |w 2019-11-19 |y BK |k FIL | ||